O contrato de patrocínio ativo na administração pública : (Record no. 15)

MARC details
000 -LÍDER
Campo Fixo de Controle 00901cam a2200241 a 4500
001 - NÚMERO DE CONTROLE
Campo de Controle 15
003 - IDENTIFICAÇÃO DO NÚMERO DE CONTROLE
Campo de Controle BR-CuiBMT
005 - DATA E HORA DA ÚLTIMA ATUALIZAÇÃO
Campo de Controle 20231117130437.0
008 - DADOS FIXOS
Dados Fixos 230724s2018 mgb 000 0 por d
020 ## - INTERNATIONAL STANDARD BOOK NUMBER
Nº do ISBN 9788545004752
040 ## - AGÊNCIA CATALOGADORA
Código da Agência Catalogadora BR-CuiBMT
Agência que transcreveu o registro BR-CuiBMT
080 ## - Nº DA CLASSIFICAÇÃO DECIMAL UNIVERSAL
Nº Class. CDU 351.712:34
Nº edição CDU 2007
090 ## - NÚMERO DE CHAMADA
Nº classificação 351.712:34
Cutter P899c
100 1# - ENTRADA PRINCIPAL -- AUTOR PESSOAL
Nome pessoal Prandino, Diego
245 12 - TÍTULO PRINCIPAL
Título principal O contrato de patrocínio ativo na administração pública :
Subtítulo fundamentos, regime jurídico e controle da atividade patrocinadora do Estado /
Indicação de responsabilidade Diego Prandino ; prefácio Weder de Oliveira.
260 ## - PUBLICAÇÃO, DISTRIBUIÇÃO, ETC.
Local de publicação Belo Horizonte :
Editora Fórum,
Data 2018.
300 ## - DESCRIÇÃO FÍSICA
N. páginas ou volumes 173 p. ;
Dimensões 22 cm
504 ## - NOTA DE BIBLIOGRAFIA, ETC.
Nota de bibliografia Inclui bibliografia.
650 ## - ASSUNTO TÓPICO
Cabeçalho tópico ou nome geográfico Direito administrativo
Subdivisão geral Contratos administrativos
Subdivisão geográfica Brasil
650 ## - ASSUNTO TÓPICO
Cabeçalho tópico ou nome geográfico Administração pública
Subdivisão geral Contrato de patrocínio ativo
Subdivisão geográfica Brasil
650 ## - ASSUNTO TÓPICO
Cabeçalho tópico ou nome geográfico Contrato de patrocínio ativo
Subdivisão geral Regime jurídico
942 ## - ELEMENTOS DE ENTRADA ADICIONAIS (KOHA)
Fonte de classificação ou esquema de arquivamento Classificação Decimal Universal
Tipo de item do Koha Livros
Holdings
Estado: removido Estado: perdido Fonte de classificação ou esquema de arquivamento Estado: danificado Indisponível para empréstimo Localização permanente Localização atual Data de aquisição Total Checkouts Número de Chamada completo Código de barras Date last seen Número do exemplar Preço efetivo a partir de Tipo de item (Koha)
    Classificação Decimal Universal     Biblioteca da Escola Superior de Contas do TCE/MT Biblioteca da Escola Superior de Contas do TCE/MT 28/06/2023   351.712:34 P899c BIBTCEMT23070017 24/07/2023 Ex. 1 24/07/2023 Livros

Powered by Koha